Kraje Z Największą Ilością Sąsiadów - Statystyki

Ogólne statystyki
  • Ten quiz został rozwiązany 38 razy
  • Średni wynik to 7 z 11
Statystyki odpowiedzi
Ilość Państw Kraj % Poprawnych
14 Chiny - Afganistan, Bhutan, Indie, Kazachstan, Kirgistan, Laos, Mongolia, Myanmar, Nepal, Północna Korea, Pakistan, Rosja, Tadżykistan, Wietnam
100%
14 Rosja - Azerbejdżan, Białoruś, Chiny, Estonia, Finlandia, Gruzja, Kazachstan, Litwa, Łotwa, Mongolia, Północna Korea, Norwegia, Polska, Ukraina
97%
8 Francja - Andora, Belgia, Hiszpania, Luksemburg, Monako, Niemcy, Szwajcaria, Włochy
88%
9 Niemcy - Austria, Belgia, Czechy, Dania, Francja, Luksemburg, Niderlandy, Polska, Szwajcaria
82%
10 Brazylia - Argentyna, Boliwia, Francja (Gujana Francuska), Gujana, Kolumbia, Paragwaj, Peru, Surinam, Urugwaj, Wenezuela
79%
9 Demokratyczna Republika Konga - Angola, Burundi, Kongo, Republika Środkowoafrykańska, Rwanda, Sudan, Tanzania, Uganda, Zambia
52%
8 Austria - Czechy, Liechtenstein, Niemcy, Słowacja, Słowenia, Szwajcaria, Węgry, Włochy
45%
8 Serbia - Albania, Bośnia i Hercegowina, Bułgaria, Chorwacja, Czarnogóra, Północna Macedonia, Rumunia, Węgry
45%
8 Turcja - Armenia, Azerbejdżan, Bułgaria, Grecja, Gruzja, Irak, Iran, Syria
42%
8 Zambia - Angola, Botswana, Demokratyczna Republika Konga, Malawi, Mozambik, Namibia, Tanzania, Zimbabwe
27%
8 Tanzania - Burundi, Demokratyczna Republika Konga, Malawi, Mozambik, Kenia, Rwanda, Uganda, Zambia
24%
Nie znaleziono quizów pasujących do podanych kryteriów
Rozkład punktacji
Procent ludzi z każdym wynikiem
Percentyl według liczby udzielonych odpowiedzi
Twoja historia wyników
Nie rozwiązałeś tego quizu